000 003420000a22001570004500
001 000034
003 MACL
040 _aMACL
090 _c34
_d34
100 _aAtmaramananda, Swami
245 _aArt, Culture And Spiituality
_cSwami Atmaramananda
260 _aAdvata Ashram,
_c1997
350 _a125
650 _aPhilosophy
942 _k100
_cBook
999 _c36
_d36